Jaettuja valtioiden nimiä #2 - Statistics

Yleistilastot
  • Tätä visaa on pelattu 1 843 kertaa
  • Keskiarvotulos 16 / 20
Vastaustilastot
Valtion nimi % Oikein
ALB AN IA Albania
96%
VALK OVEN ÄJÄ Valko-Venäjä
94%
ARGE NTI INA Argentiina
93%
KAZ AKS TAN Kazakstan
93%
SLO VA KIA Slovakia
92%
DOM IN ICA Dominica
90%
GEO RG IA Georgia
90%
MO NGOL IA Mongolia
90%
SIER RAL EONE Sierra Leone
88%
ALAN KOMA AT Alankomaat
87%
MAU RITI US Mauritius
80%
BO LI VIA Bolivia
78%
ETE LÄKO REA Etelä-Korea
77%
BU LGA RIA Bulgaria
71%
HON DU RAS Honduras
70%
RU OT SI Ruotsi
70%
TU RK KI Turkki
60%
GA MB IA Gambia
58%
KI RGI SIA Kirgisia
57%
ME KSI KO Meksiko
48%
Ehtoja vastaavia visoja ei löytynyt
Tulosjakauma
Jokaisen tuloksen saaneiden osuus
Persentiili vastausten määrän mukaan
Tuloshistoriasi
Et ole pelannut tätä visaa